000 00220nam a2200097Ia 4500
008 240331s9999 xx 000 0 und d
082 _bCHI
100 _aLogo. ed
245 4 _aThe Asian Child :
_bLogos v-18,No.3
942 _cL
999 _c1528
_d1528